Imperial military geography : (Record no. 185737)
[ view plain ]
| 000 -LEADER | |
|---|---|
| fixed length control field | 01554 a2200205 4500 |
| 003 - CONTROL NUMBER IDENTIFIER | |
| control field | NUST |
| 005 - DATE AND TIME OF LATEST TRANSACTION | |
| control field | 20221228131201.0 |
| 010 ## - LIBRARY OF CONGRESS CONTROL NUMBER | |
| LC control number | 33019342 |
| 040 ## - CATALOGING SOURCE | |
| Transcribing agency | Nust |
| 082 ## - DEWEY DECIMAL CLASSIFICATION NUMBER | |
| Classification number | 355.4,COL |
| 100 ## - MAIN ENTRY--PERSONAL NAME | |
| Personal name | Cole, David Henry |
| 9 (RLIN) | 106206 |
| 245 ## - TITLE STATEMENT | |
| Title | Imperial military geography : |
| Remainder of title | "general characteristics of the empire in relation to defence" / |
| Statement of responsibility, etc. | Major D. H. Cole |
| 250 ## - EDITION STATEMENT | |
| Edition statement | 8th ed. |
| 260 ## - PUBLICATION, DISTRIBUTION, ETC. | |
| Place of publication, distribution, etc. | S. Praed & co., ltd |
| Name of publisher, distributor, etc. | London, |
| Date of publication, distribution, etc. | 1935 |
| 300 ## - PHYSICAL DESCRIPTION | |
| Extent | ix, 408 p.; |
| Other physical details | maps (part fold.) |
| Dimensions | 22 cm |
| 505 ## - FORMATTED CONTENTS NOTE | |
| Formatted contents note | The Problems of Imperial Defense (Page-1), The Political Organization of the Empire (Page-5), The Defense force of the Empire (Page-24), Population and War (Page-41), A general Survey of Materials Resources (Page-480), Great Brittan and the Home Waters (Page-75), Sea Routes and Naval Bases (Page-87), The Mediterranean and Indian Ocean (Page-96), The Atlantic Ocean and the Caribbean Sea (Page-121), The Pacific Ocean and Its Problems (Page-138), The Air routes of the British Empire (Page-170), Cables and Wireless (Page-180), Canada and Newfoundland (Page-189), Australia and New Zeeland (Page-208), The Union of South Africa (Page-234), British Possessions in east and West Africa (Page-249), Egypt and the Anglo Egyptian Sudan (Page-280), Palestine Iraq Arabia and The Persian Gulf (Page-305), India (Page-335), The Treaty Obligations of great Britain (Page-379). |
| 600 ## - SUBJECT ADDED ENTRY--PERSONAL NAME | |
| Personal name | Cole, David Henry |
| 9 (RLIN) | 106206 |
| 650 ## - SUBJECT ADDED ENTRY--TOPICAL TERM | |
| Topical term or geographic name entry element | Imperial military geography;" general characteristics of the empire in relation to defence" |
| 9 (RLIN) | 106207 |
| 942 ## - ADDED ENTRY ELEMENTS (KOHA) | |
| Source of classification or shelving scheme | |
| Koha item type | Book |
| Call number prefix | 355.4,COL |
| Withdrawn status | Lost status | Source of classification or shelving scheme | Damaged status | Not for loan | Permanent Location | Current Location | Shelving location | Date acquired | Full call number | Barcode | Date last seen | Price effective from | Koha item type | Public note |
|---|---|---|---|---|---|---|---|---|---|---|---|---|---|---|
| Military College of Signals (MCS) | Military College of Signals (MCS) | General Stacks | 12/12/2016 | 355.4,COL | MCS29130 | 12/08/2016 | 12/12/2016 | Book | Almirah No.53, Shelf No.3 | |||||
| Military College of Signals (MCS) | Military College of Signals (MCS) | General Stacks | 12/12/2016 | 355.4,COL | MCS29350 | 12/08/2016 | 12/12/2016 | Book | Almirah No.53, Shelf No.3 |
